[Event "BL 1819 SV Hockenheim - SV Werder Breme"]
[Site "?"]
[Date "2019.04.07"]
[Round "15.1"]
[White "Fressinet, Laurent"]
[Black "Ponomariov, Ruslan"]
[Result "1/2-1/2"]
[WhiteElo "2639"]
[BlackElo "2673"]
[PlyCount "40"]
[EventDate "2019.??.??"]

1. e4 d6 2. d4 Nf6 3. Nc3 e5 4. Nf3 Nbd7 5. Bc4 Be7 6. a4 O-O 7. O-O c6 8. Re1
a5 9. h3 Nb6 10. Ba2 Nfd7 11. Be3 exd4 12. Bxd4 Nc5 13. Bxc5 dxc5 14. Qe2 Qd6
15. Rad1 Qg6 16. Ne5 Qg5 17. Nf3 Qg6 18. Ne5 Qg5 19. Nf3 Qg6 20. Ne5 Qg5
1/2-1/2

[Event "BL 1819 SV Hockenheim - SV Werder Breme"]
[Site "?"]
[Date "2019.04.07"]
[Round "15.2"]
[White "Howell, David W L"]
[Black "McShane, Luke J"]
[Result "1-0"]
[WhiteElo "2701"]
[BlackElo "2686"]
[PlyCount "91"]
[EventDate "2019.??.??"]

1. e4 e5 2. Nf3 Nc6 3. Bb5 Nf6 4. O-O Nxe4 5. Re1 Nd6 6. Nxe5 Be7 7. Bf1 Nxe5
8. Rxe5 O-O 9. d4 Bf6 10. Re1 Re8 11. Rxe8+ Nxe8 12. d5 d6 13. Nd2 c6 14. Nc4
cxd5 15. Qxd5 Qc7 16. Qd3 Be6 17. Ne3 Rd8 18. c4 Qc5 19. Rb1 b5 20. b3 bxc4 21.
bxc4 g6 22. Rb5 Qc6 23. Nd5 Bxd5 24. Qxd5 Qxd5 25. Rxd5 Nc7 26. Rd1 d5 27. cxd5
Nxd5 28. Bc4 Nc3 29. Rxd8+ Bxd8 30. f3 Bb6+ 31. Kf1 Bc5 32. Bh6 Bd4 33. Ke1 Na4
34. Kd2 Be5 35. g3 Bg7 36. Be3 Nb6 37. Bb3 Bf8 38. Kc3 Ba3 39. Bh6 Bc5 40. a4
Bg1 41. h3 Bf2 42. g4 Nd7 43. Bd1 Nc5 44. Kc4 f6 45. Kd5 Kf7 46. Bd2 1-0

[Event "BL 1819 SV Hockenheim - SV Werder Breme"]
[Site "?"]
[Date "2019.04.07"]
[Round "15.3"]
[White "Areshchenko, Alexander"]
[Black "Moiseenko, Alexander"]
[Result "1-0"]
[WhiteElo "2663"]
[BlackElo "2646"]
[PlyCount "119"]
[EventDate "2019.??.??"]

1. e4 c5 2. Nf3 Nc6 3. Bb5 d6 4. O-O Bd7 5. Re1 Nf6 6. c3 a6 7. Ba4 b5 8. Bc2
Bg4 9. h3 Bxf3 10. Qxf3 g6 11. d3 Bg7 12. Be3 Nd7 13. Nd2 O-O 14. Rac1 Nb6 15.
Qe2 a5 16. Nf3 a4 17. d4 cxd4 18. Nxd4 Nxd4 19. Bxd4 Nc4 20. Bxg7 Kxg7 21. b3
Na3 22. Bd3 axb3 23. axb3 Qb6 24. Qb2 f6 25. Ra1 b4 26. c4 Qc5 27. Rac1 Ra5 28.
Bf1 Rb8 29. Re3 Qe5 30. Qe2 Rc5 31. Rd1 Rbc8 32. g3 Rb8 33. Rd5 Qa1 34. Rd1 Qe5
35. Kh2 Qh5 36. Qd2 Rc7 37. Rd3 Qa5 38. h4 Qb6 39. Rd5 Rc5 40. Rd4 Rb7 41. Bh3
Re5 42. f4 Ra5 43. Be6 Rba7 44. Kh3 Rc7 45. Rd3 Rca7 46. Qe2 Qc6 47. R3d2 Qb6
48. Rf1 Qc5 49. Kh2 Ra8 50. Bd5 Rf8 51. f5 Ra7 52. Qf3 Rh8 53. g4 Rf8 54. g5
Kh8 55. Qg3 gxf5 56. exf5 fxg5 57. Qxg5 e6 58. fxe6 Rxf1 59. Qd8+ Kg7 60. Rg2+
1-0

[Event "BL 1819 SV Hockenheim - SV Werder Breme"]
[Site "?"]
[Date "2019.04.07"]
[Round "15.5"]
[White "Edouard, Romain"]
[Black "Baramidze, David"]
[Result "1/2-1/2"]
[WhiteElo "2650"]
[BlackElo "2595"]
[PlyCount "82"]
[EventDate "2019.??.??"]

1. c4 c5 2. Nf3 Nc6 3. d4 cxd4 4. Nxd4 Nf6 5. Nc3 e6 6. e4 Bb4 7. Nxc6 bxc6 8.
Bd3 e5 9. O-O O-O 10. Qe2 Qe7 11. Na4 d5 12. Bg5 dxe4 13. Bxe4 h6 14. Bxf6 Qxf6
15. c5 Rd8 16. Rfd1 Bf5 17. g3 Bxe4 18. Qxe4 Rd2 19. f4 Rad8 20. Rxd2 Bxd2 21.
Qxe5 Qg6 22. Nc3 Qc2 23. Ne2 Rd3 24. Nd4 Qxb2 25. Nxc6 Be3+ 26. Kh1 Qe2 27.
Ne7+ Kf8 28. Qb8+ Kxe7 29. Qe5+ Kf8 30. Qb8+ Ke7 31. Qe5+ Kd8 32. Qb8+ Kd7 33.
Qb7+ Ke6 34. Qe4+ Kf6 35. Qe5+ Kg6 36. Qe4+ f5 37. Qe6+ Kh7 38. Qxf5+ Kg8 39.
Qe6+ Kf8 40. Qf5+ Ke8 41. Qe5+ Kf8 1/2-1/2

[Event "BL 1819 SV Hockenheim - SV Werder Breme"]
[Site "?"]
[Date "2019.04.07"]
[Round "15.6"]
[White "Buhmann, Rainer"]
[Black "Spoelman, Wouter"]
[Result "1/2-1/2"]
[WhiteElo "2581"]
[BlackElo "2582"]
[PlyCount "90"]
[EventDate "2019.??.??"]

1. e4 c5 2. Nf3 e6 3. d4 cxd4 4. Nxd4 a6 5. c4 Nf6 6. Nc3 Qc7 7. Be2 b6 8. O-O
Bb7 9. Qd3 d6 10. f4 Nbd7 11. b4 Be7 12. Be3 O-O 13. Rac1 Rfe8 14. g4 h6 15. h4
Nh7 16. g5 hxg5 17. hxg5 g6 18. Nf3 Qd8 19. Rf2 e5 20. f5 Nxg5 21. Nxg5 Bxg5
22. Rg2 Bxe3+ 23. Qxe3 Kg7 24. Rd1 Qh4 25. Rh2 Qf4 26. Qxf4 exf4 27. Rxd6 Rad8
28. Kf2 a5 29. a3 axb4 30. axb4 Bxe4 31. Nxe4 Rxe4 32. f6+ Kg8 33. Bg4 Rxc4 34.
Rxd7 Rxd7 35. Bxd7 Rxb4 36. Rh4 Rd4 37. Bb5 Rd5 38. Bc4 Rf5 39. Kf3 b5 40. Bd3
Rxf6 41. Bxb5 g5 42. Rh5 Rf5 43. Bd3 Rd5 44. Kg4 Rxd3 45. Rxg5+ Kf8 1/2-1/2

[Event "BL 1819 SV Hockenheim - SV Werder Breme"]
[Site "?"]
[Date "2019.04.07"]
[Round "15.7"]
[White "Werle, Jan"]
[Black "Wagner, Dennis"]
[Result "1/2-1/2"]
[WhiteElo "2556"]
[BlackElo "2577"]
[PlyCount "136"]
[EventDate "2019.??.??"]

1. d4 Nf6 2. c4 g6 3. Nc3 d5 4. cxd5 Nxd5 5. e4 Nxc3 6. bxc3 Bg7 7. Be3 c5 8.
Rc1 Qa5 9. Qd2 cxd4 10. cxd4 Qxd2+ 11. Kxd2 O-O 12. Nf3 Rd8 13. Bd3 Nc6 14. d5
Nb4 15. Bd4 e6 16. Bxg7 Kxg7 17. Rc7 exd5 18. e5 Rd7 19. Rhc1 Nc6 20. Rxd7 Bxd7
21. Rb1 b6 22. Bb5 Rc8 23. Rc1 Nxe5 24. Nxe5 Rxc1 25. Bxd7 Ra1 26. a4 Kf6 27.
Nd3 d4 28. Kc2 Ke7 29. Bb5 a6 30. Bxa6 Rxa4 31. Bb5 Ra3 32. h4 Kd6 33. Be8 Ra7
34. Bb5 h6 35. Bc4 g5 36. hxg5 hxg5 37. Kb3 f6 38. Kb4 Rc7 39. Kb5 Rc8 40. g3
Rc7 41. Kb4 Rc8 42. Kb5 Rc7 43. Kb4 Kc6 44. Nc1 b5 45. Bxb5+ Kd5 46. Nb3 g4 47.
Be2 Rc2 48. Bxg4 Rxf2 49. Bh5 f5 50. Bg6 Ke5 51. Na5 Kf6 52. Bh5 Rc2 53. Nb3
Ke5 54. Na5 d3 55. Nb3 Ke4 56. Bg6 Rg2 57. Nc5+ Ke3 58. Bxf5 d2 59. Bc2 Rxg3
60. Na4 Kd4 61. Bd1 Rh3 62. Nb2 Rc3 63. Na4 Rc1 64. Nb2 Rb1 65. Kb3 Ra1 66. Kc2
Ra2 67. Kb3 Ra1 68. Kc2 Ra2 1/2-1/2

[Event "BL 1819 SV Hockenheim - SV Werder Breme"]
[Site "?"]
[Date "2019.04.07"]
[Round "15.8"]
[White "Banusz, Tamas"]
[Black "Zumsande, Martin"]
[Result "1/2-1/2"]
[WhiteElo "2614"]
[BlackElo "2461"]
[PlyCount "136"]
[EventDate "2019.??.??"]

1. Nf3 d5 2. g3 Nf6 3. Bg2 e6 4. O-O Be7 5. c4 O-O 6. b3 b6 7. Bb2 Bb7 8. cxd5
exd5 9. d4 Nbd7 10. Nc3 Re8 11. Rc1 a6 12. e3 Bd6 13. Ne2 Ne4 14. Nf4 a5 15. a4
Qe7 16. Re1 Rad8 17. Re2 Nb8 18. Nd3 Na6 19. Nh4 Bc8 20. Rec2 c5 21. Qh5 Qe6
22. Rd1 c4 23. bxc4 dxc4 24. Ne5 Bxe5 25. Bxe4 g6 26. Qf3 Bg7 27. Bc6 Bd7 28.
Bxd7 Rxd7 29. Ng2 Nb4 30. Nf4 Qf5 31. Rxc4 g5 32. Qh5 h6 33. Qh3 Qxh3 34. Nxh3
Bf8 35. Ba3 b5 36. axb5 Rb7 37. Kg2 Rxb5 38. Bxb4 axb4 39. Rb1 b3 40. Rc3 b2
41. Rc2 Ba3 42. Rc3 Ra8 43. Ng1 Rbb8 44. Nf3 Rc8 45. Rxa3 Rxa3 46. Rxb2 Rca8
47. g4 Ra2 48. Rb7 R2a7 49. Rxa7 Rxa7 50. h4 gxh4 51. Nxh4 Ra5 52. f4 f6 53. f5
Kg7 54. Kf3 h5 55. gxh5 Kh6 56. Kg4 Ra1 57. Nf3 Ra2 58. e4 Ra4 59. Kf4 Kxh5 60.
e5 fxe5+ 61. Kxe5 Kg4 62. f6 Ra3 63. Nd2 Kg5 64. f7 Ra8 65. Nc4 Kg6 66. Ke6
Ra6+ 67. Nd6 Kg7 68. d5 Kf8 1/2-1/2

[Event "BL 1819 SC Viernheim - SV Mülheim Nord"]
[Site "?"]
[Date "2019.04.07"]
[Round "15.1"]
[White "Feygin, Michael"]
[Black "Korobov, Anton"]
[Result "0-1"]
[WhiteElo "2480"]
[BlackElo "2675"]
[PlyCount "108"]
[EventDate "2019.??.??"]

1. e4 c5 2. Nf3 d6 3. d4 cxd4 4. Nxd4 Nf6 5. Nc3 a6 6. h3 Nc6 7. g4 Qb6 8. Nb3
e6 9. Bg2 Qc7 10. f4 b5 11. Be3 Be7 12. Qd2 Nd7 13. Qf2 Rb8 14. O-O Nb6 15.
Rae1 Nc4 16. Bc1 O-O 17. Kh1 a5 18. g5 f6 19. g6 hxg6 20. Qg3 b4 21. Ne2 a4 22.
Nd2 Nxd2 23. Bxd2 f5 24. Qxg6 Bf6 25. c3 b3 26. a3 Ne7 27. Qh5 fxe4 28. Bxe4
Nf5 29. Bxf5 exf5 30. Ng3 Qf7 31. Kh2 g6 32. Qh6 Qh7 33. Qxh7+ Kxh7 34. Rf3 Ba6
35. Rfe3 Bc4 36. Ne2 Bh4 37. Rd1 Rbe8 38. Nd4 Rxe3 39. Bxe3 Re8 40. Bc1 Kh6 41.
Rg1 Kh5 42. Nf3 Re2+ 43. Rg2 Rxg2+ 44. Kxg2 Bd5 45. Bd2 Be4 46. Bc1 d5 47. Bd2
Kh6 48. Be3 Kh7 49. Bf2 Be7 50. Be3 Bxa3 51. Bc1 Bc5 52. Kg3 Bxf3 53. Kxf3 Kh6
54. Ke2 Kh5 0-1

[Event "BL 1819 SC Viernheim - SV Mülheim Nord"]
[Site "?"]
[Date "2019.04.07"]
[Round "15.2"]
[White "Anton Guijarro, David"]
[Black "Beerdsen, Thomas"]
[Result "1/2-1/2"]
[WhiteElo "2669"]
[BlackElo "2483"]
[PlyCount "60"]
[EventDate "2019.??.??"]

1. Nf3 c5 2. c4 Nf6 3. Nc3 Nc6 4. e3 g6 5. d4 cxd4 6. exd4 d5 7. cxd5 Nxd5 8.
Qb3 e6 9. Bb5 Bg7 10. O-O O-O 11. Bxc6 bxc6 12. Na4 Qd6 13. Re1 Rb8 14. Qc2 Nb4
15. Qc3 e5 16. Nxe5 Bf5 17. Nc4 Qxd4 18. Qxd4 Bxd4 19. Be3 Rfd8 20. Red1 Nc2
21. Rac1 Bg4 22. Rd2 Nxe3 23. Nxe3 Bxe3 24. Rxd8+ Rxd8 25. fxe3 Rd2 26. Rxc6
Be6 27. e4 Bxa2 28. Ra6 Bb1 29. Nc3 Rxb2 30. Rxa7 Rc2 1/2-1/2

[Event "BL 1819 SC Viernheim - SV Mülheim Nord"]
[Site "?"]
[Date "2019.04.07"]
[Round "15.3"]
[White "Vrolijk, Liam"]
[Black "Amin, Bassem"]
[Result "1/2-1/2"]
[WhiteElo "2465"]
[BlackElo "2708"]
[PlyCount "49"]
[EventDate "2019.??.??"]

1. d4 Nf6 2. c4 e6 3. Nf3 Bb4+ 4. Bd2 c5 5. Bxb4 cxb4 6. g3 b6 7. Bg2 Bb7 8.
O-O O-O 9. a3 bxa3 10. Nxa3 a5 11. Rc1 Na6 12. Ne5 Bxg2 13. Kxg2 d6 14. Nf3 Qd7
15. Qb3 Rab8 16. Rfd1 Rfc8 17. Kg1 h6 18. Qe3 Qa4 19. Nb5 Qb4 20. b3 d5 21. Na7
Rc7 22. Nb5 Rcc8 23. Na7 Rc7 24. Nb5 Rcc8 25. Na7 1/2-1/2

[Event "BL 1819 SC Viernheim - SV Mülheim Nord"]
[Site "?"]
[Date "2019.04.07"]
[Round "15.4"]
[White "Maze, Sebastien"]
[Black "Hausrath, Daniel"]
[Result "1/2-1/2"]
[WhiteElo "2580"]
[BlackElo "2458"]
[PlyCount "168"]
[EventDate "2019.??.??"]

1. e4 c6 2. d4 d5 3. e5 Bf5 4. Nf3 e6 5. Be2 Nd7 6. O-O Bg6 7. c3 Nh6 8. a4 a5
9. Bf4 Be7 10. Nbd2 O-O 11. Re1 f6 12. exf6 Bxf6 13. Bf1 Qb6 14. Qb3 Bxd4 15.
Nxd4 Rxf4 16. Qxb6 Nxb6 17. g3 Rf6 18. Nxe6 Nf5 19. Nc5 Nd6 20. Bh3 Bf5 21.
Bxf5 Rxf5 22. Re6 Rf6 23. Rae1 Raf8 24. R6e2 R6f7 25. Ndb3 Nbc4 26. Nd4 Ne4 27.
Nxe4 dxe4 28. Ne6 Re8 29. Ng5 Rfe7 30. Nxe4 Kh8 31. f3 h6 32. Kg2 Nb6 33. b3
Nd5 34. c4 Nb4 35. Rd1 c5 36. Red2 b6 37. Rd8 Nc2 38. Rxe8+ Rxe8 39. Rd6 Rb8
40. Nc3 Nd4 41. Nd5 Re8 42. Nf4 Re3 43. Rxb6 Rxf3 44. Ra6 Rxb3 45. Rxa5 g5 46.
Nh5 g4 47. Ra8+ Kh7 48. Nf6+ Kg6 49. Nxg4 h5 50. Nf2 Rc3 51. a5 Rxc4 52. a6 Ra4
53. a7 Kg7 54. h4 Ra2 55. Kh3 Nf3 56. g4 hxg4+ 57. Nxg4 Ra3 58. Nf6 Ne5+ 59.
Kh2 Ng6 60. Ne8+ Kh7 61. Nd6 Ne7 62. Nb5 Ra2+ 63. Kh3 Nc6 64. Rc8 Nxa7 65. Rc7+
Kg6 66. Nxa7 Ra3+ 67. Kg4 Ra4+ 68. Kf3 Rxh4 69. Rc6+ Kf5 70. Rxc5+ Ke6 71. Nb5
Rh3+ 72. Ke4 Rh4+ 73. Kd3 Rh3+ 74. Kc4 Rh1 75. Nd4+ Kf6 76. Rf5+ Kg6 77. Rf2
Rd1 78. Kd5 Kg5 79. Ke5 Re1+ 80. Ne2 Kg4 81. Rf4+ Kg5 82. Re4 Ra1 83. Nf4 Ra5+
84. Nd5 Ra8 1/2-1/2

[Event "BL 1819 SC Viernheim - SV Mülheim Nord"]
[Site "?"]
[Date "2019.04.07"]
[Round "15.5"]
[White "Zelbel, Patrick"]
[Black "Fedorchuk, Sergey A"]
[Result "1/2-1/2"]
[WhiteElo "2434"]
[BlackElo "2604"]
[PlyCount "53"]
[EventDate "2019.??.??"]

1. e4 c5 2. Nf3 e6 3. c3 d5 4. exd5 Qxd5 5. d4 Nf6 6. Na3 Nc6 7. Be3 cxd4 8.
Nb5 Qd8 9. Nbxd4 Nd5 10. Qa4 Bd7 11. Nxc6 Bxc6 12. Bb5 Bxb5 13. Qxb5+ Qd7 14.
Qxd7+ Kxd7 15. Rd1 Bd6 16. Bd4 Ke7 17. c4 Nf6 18. Ke2 Rac8 19. Bxf6+ gxf6 20.
b3 Rhg8 21. g3 Rg4 22. h3 Re4+ 23. Kd3 f5 24. Ng5 Re5 25. Nf3 Re4 26. Ng5 Re5
27. Nf3 1/2-1/2

[Event "BL 1819 SC Viernheim - SV Mülheim Nord"]
[Site "?"]
[Date "2019.04.07"]
[Round "15.6"]
[White "Kovalenko, Igor"]
[Black "Dinstuhl, Volkmar"]
[Result "1-0"]
[WhiteElo "2662"]
[BlackElo "2378"]
[PlyCount "119"]
[EventDate "2019.??.??"]

1. e4 c5 2. Nf3 d6 3. d4 cxd4 4. Nxd4 Nf6 5. Nc3 a6 6. g3 e5 7. Nb3 Nbd7 8. a4
b6 9. Bg2 Bb7 10. O-O Be7 11. Re1 O-O 12. Nd2 Rc8 13. Qe2 Qc7 14. Nf1 Rfe8 15.
Ne3 g6 16. Bd2 Nc5 17. Ng4 Ne6 18. Be3 Nd4 19. Nxf6+ Bxf6 20. Qd1 Bg7 21. Rc1
b5 22. axb5 axb5 23. Qd3 b4 24. Nb5 Qb6 25. Nxd4 exd4 26. Bd2 Ba6 27. Qb3 Rb8
28. Ra1 Rec8 29. Bh3 Bc4 30. Qxb4 Qxb4 31. Bxb4 Be6 32. Bxe6 fxe6 33. Bxd6 Rxb2
34. e5 g5 35. Reb1 Rcxc2 36. Rxb2 Rxb2 37. Rd1 Rb5 38. f4 gxf4 39. gxf4 Kf7 40.
Rxd4 Kg6 41. Bb4 Kf5 42. Kg2 Bh6 43. Kf3 Rb7 44. h3 Ra7 45. Bd2 Ra1 46. Rd7
Rf1+ 47. Kg3 Ke4 48. Rf7 Rg1+ 49. Kh4 Rd1 50. Kh5 Rxd2 51. Kxh6 Rh2 52. Kxh7
Rxh3+ 53. Kg6 Rf3 54. Kg5 Rf1 55. Ra7 Rb1 56. Ra4+ Kd5 57. Ra6 Ke4 58. Rxe6
Rg1+ 59. Kf6 Rf1 60. Ra6 1-0

[Event "BL 1819 SC Viernheim - SV Mülheim Nord"]
[Site "?"]
[Date "2019.04.07"]
[Round "15.7"]
[White "Warmerdam, Max"]
[Black "Abergel, Thal"]
[Result "0-1"]
[WhiteElo "2472"]
[BlackElo "2437"]
[PlyCount "86"]
[EventDate "2019.??.??"]

1. e4 c5 2. Nf3 d6 3. d4 cxd4 4. Nxd4 Nf6 5. Nc3 a6 6. h3 e5 7. Nb3 Be6 8. f4
g6 9. Be2 Nbd7 10. g4 exf4 11. g5 Nh5 12. Bxh5 Qxg5 13. Bg4 h5 14. Bxe6 Qh4+
15. Kf1 fxe6 16. Qe1 Qf6 17. e5 dxe5 18. Ne4 Qf5 19. Bd2 Be7 20. Bb4 Nf6 21.
Nxf6+ Bxf6 22. Nc5 O-O-O 23. Ne4 Kb8 24. Nxf6 Qxf6 25. Bc3 Rd5 26. Rd1 Re8 27.
Qe2 f3 28. Qe1 Qf5 29. Rd3 Red8 30. Bxe5+ Ka8 31. Qc3 Qe4 32. Rh2 g5 33. Rhd2
Qh4 34. Rxd5 Qxh3+ 35. Kf2 Qg2+ 36. Ke3 Qg1+ 37. Kxf3 exd5 38. Ke2 Re8 39. Kd3
Rf8 40. Bf6 Qf1+ 41. Re2 Rxf6 42. Qc8+ Ka7 43. Qc5+ Rb6 0-1

[Event "BL 1819 OSG Baden-Baden - Düsseldorfer"]
[Site "?"]
[Date "2019.04.07"]
[Round "15.2"]
[White "Svidler, Peter"]
[Black "Miedema, David"]
[Result "1-0"]
[WhiteElo "2735"]
[BlackElo "2369"]
[PlyCount "59"]
[EventDate "2019.??.??"]

1. Nf3 d5 2. c4 d4 3. b4 g5 4. Qb3 h6 5. e3 c5 6. bxc5 Nc6 7. Nxd4 Nxd4 8. exd4
Bg7 9. Bb2 Bxd4 10. Bxd4 Qxd4 11. Qc3 Qe4+ 12. Qe3 Nf6 13. Nc3 Qxe3+ 14. fxe3
Bf5 15. d4 e5 16. Be2 Ne4 17. Nd5 Rd8 18. Bd3 Kf8 19. O-O Bh7 20. Rab1 Nd2 21.
Bxh7 Rxh7 22. Rxb7 Nxf1 23. Kxf1 exd4 24. c6 Rc8 25. Ne7 Re8 26. c7 f5 27. Ng6+
Kg8 28. Rb8 Rxc7 29. Rxe8+ Kf7 30. Re7+ 1-0

[Event "BL 1819 OSG Baden-Baden - Düsseldorfer"]
[Site "?"]
[Date "2019.04.07"]
[Round "15.3"]
[White "Stark, Lars"]
[Black "Wojtaszek, Radoslaw"]
[Result "0-1"]
[WhiteElo "2362"]
[BlackElo "2724"]
[PlyCount "154"]
[EventDate "2019.??.??"]

1. Nf3 d5 2. g3 g6 3. Bg2 Bg7 4. d4 Nf6 5. O-O O-O 6. c3 b6 7. Nbd2 Bb7 8. Ne5
c5 9. a4 a5 10. Ndf3 Ne4 11. Nd2 Nd6 12. Ndf3 e6 13. Bf4 Na6 14. Qb3 f6 15. Ng4
Nf7 16. h4 Rc8 17. Rfd1 Re8 18. Bh3 cxd4 19. cxd4 Nb4 20. Bd2 Ba6 21. Bxb4 axb4
22. Bf1 Qd6 23. Rdc1 Rxc1 24. Rxc1 Rc8 25. Rxc8+ Bxc8 26. Ne3 Nd8 27. Nc2 Nc6
28. Qd3 Bf8 29. Bh3 Na5 30. Nd2 Qc6 31. b3 Kf7 32. h5 Bb7 33. hxg6+ hxg6 34.
Ne3 Be7 35. Nf3 Qc3 36. Qb5 Nxb3 37. Qd7 Qc6 38. Bxe6+ Kf8 39. Qxc6 Bxc6 40.
Nxd5 Nc1 41. Kf1 b3 42. Nd2 b2 43. Nxb6 Bb4 44. Nbc4 Nb3 45. Nb1 Nxd4 46. Bc8
Be4 47. Nxb2 Bxb1 48. Ba6 Bf5 49. Nd3 Bh3+ 50. Kg1 Bd6 51. Nf4 Bf5 52. Bc4 g5
53. Nd5 Be6 54. Kf1 Nc6 55. Ke1 Nb4 56. Ne3 Ke7 57. Bb5 Bc5 58. Nd1 Nc2+ 59.
Kf1 Bb3 60. Nc3 Bb4 61. Ne4 Nd4 62. Bd3 Bxa4 63. f4 Ne6 64. fxg5 fxg5 65. Kg2
Bd7 66. Kf3 Kf7 67. Kg4 Be7 68. Kf3 Nc5 69. Nxc5 Bxc5 70. Be4 Kf6 71. Bb7 Ke5
72. Kg2 Bf5 73. Ba6 Bg4 74. Bb5 Kd4 75. Kf2 Ke4+ 76. Kg2 Ke3 77. Kf1 Bd6 0-1

[Event "BL 1819 OSG Baden-Baden - Düsseldorfer"]
[Site "?"]
[Date "2019.04.07"]
[Round "15.4"]
[White "Rapport, Richard"]
[Black "Coenen, Michael"]
[Result "1-0"]
[WhiteElo "2726"]
[BlackElo "2357"]
[PlyCount "57"]
[EventDate "2019.??.??"]

1. Nf3 Nf6 2. g3 e6 3. Bg2 d5 4. O-O Be7 5. d3 O-O 6. Nbd2 Nc6 7. d4 Ne4 8. c3
f5 9. Ne1 e5 10. Ndf3 Bf6 11. e3 Kh8 12. Nd3 exd4 13. exd4 Be6 14. h4 Ne7 15.
Re1 Bg8 16. Nfe5 Nc8 17. Bf4 Nb6 18. Qc2 Nd7 19. Rad1 Re8 20. Bh3 Be6 21. f3
Nd6 22. Nc5 Nf8 23. Re2 Bxh4 24. gxh4 Qxh4 25. Qd2 Nc4 26. Nxc4 Ng6 27. Bxc7
dxc4 28. Nxe6 Qxh3 29. Rh2 1-0

[Event "BL 1819 OSG Baden-Baden - Düsseldorfer"]
[Site "?"]
[Date "2019.04.07"]
[Round "15.5"]
[White "Harff, Marcel"]
[Black "Naiditsch, Arkadij"]
[Result "1/2-1/2"]
[WhiteElo "2412"]
[BlackElo "2695"]
[PlyCount "90"]
[EventDate "2019.??.??"]

1. c4 g6 2. g3 Bg7 3. Bg2 e5 4. Nc3 d6 5. e3 f5 6. d4 Nd7 7. Nge2 Ngf6 8. b4
O-O 9. Qb3 Kh8 10. Bb2 a5 11. a3 Re8 12. Rd1 e4 13. h4 Nh5 14. Nd5 Ndf6 15.
Ndf4 axb4 16. axb4 b5 17. d5 bxc4 18. Qxc4 Nxf4 19. Nxf4 Ng4 20. Bxg7+ Kxg7 21.
Rc1 Qf6 22. O-O Re7 23. Rc2 Ne5 24. Qb3 Qf7 25. Ra2 Rxa2 26. Qxa2 h6 27. Qa8
Re8 28. Rc1 g5 29. hxg5 hxg5 30. Ne2 Nd3 31. Rc4 c5 32. bxc5 Nxc5 33. Qc6 Qe7
34. Nd4 Bd7 35. Qc7 Kf6 36. Qb6 Rc8 37. Nc6 Bxc6 38. dxc6 g4 39. Rd4 Qe5 40. c7
Ke7 41. Qb8 Qh8 42. Qb6 Qe5 43. Qb8 Qh8 44. Qb6 Qe5 45. Qb8 Qh8 1/2-1/2

[Event "BL 1819 OSG Baden-Baden - Düsseldorfer"]
[Site "?"]
[Date "2019.04.07"]
[Round "15.6"]
[White "Vallejo Pons, Francisco"]
[Black "Kohlweyer, Bernd"]
[Result "1-0"]
[WhiteElo "2693"]
[BlackElo "2328"]
[PlyCount "73"]
[EventDate "2019.??.??"]

1. e4 c5 2. Nf3 d6 3. d4 cxd4 4. Qxd4 Bd7 5. c4 Nf6 6. Nc3 g6 7. Be2 Bg7 8. h3
O-O 9. O-O Bc6 10. Qe3 Nbd7 11. Nd4 a5 12. Rd1 Qb8 13. b3 Re8 14. Ba3 h5 15.
Bf1 Kh7 16. Re1 Bh6 17. Qe2 Qa7 18. Rad1 Qb6 19. g3 Nc5 20. Nxc6 bxc6 21. e5
dxe5 22. Qxe5 Nfd7 23. Na4 Nxe5 24. Nxb6 Nf3+ 25. Kh1 Nxe1 26. Bxc5 Rad8 27.
Rxe1 Rd2 28. Bg2 e6 29. Bxc6 Red8 30. a3 Bf8 31. Bxf8 Rxf8 32. Kg2 Rb8 33. c5
Rc2 34. Ba4 Rd8 35. Nc4 Kg7 36. c6 Kf8 37. Rd1 1-0

[Event "BL 1819 OSG Baden-Baden - Düsseldorfer"]
[Site "?"]
[Date "2019.04.07"]
[Round "15.7"]
[White "Hainke, Guntram"]
[Black "Adams, Michael"]
[Result "1/2-1/2"]
[WhiteElo "2331"]
[BlackElo "2698"]
[PlyCount "58"]
[EventDate "2019.??.??"]

1. d4 Nf6 2. c4 e6 3. Nc3 Bb4 4. e3 O-O 5. Bd2 c5 6. Nf3 cxd4 7. exd4 d5 8. a3
Bxc3 9. Bxc3 b6 10. b3 Ne4 11. Bb2 Bb7 12. Bd3 Nd7 13. O-O Rc8 14. Qe2 Re8 15.
Rfd1 Nf8 16. Rac1 Ng6 17. Qe3 f5 18. Ne5 Nxe5 19. dxe5 Qh4 20. Bxe4 Qxe4 21.
Qxe4 fxe4 22. cxd5 exd5 23. Kf1 Kf7 24. Ke2 Ke6 25. Ke3 g5 26. Bd4 Ba6 27. Kd2
h5 28. Rxc8 Rxc8 29. Rc1 Rxc1 1/2-1/2

[Event "BL 1819 OSG Baden-Baden - Düsseldorfer"]
[Site "?"]
[Date "2019.04.07"]
[Round "15.8"]
[White "Bacrot, Etienne"]
[Black "Agrest, Inna"]
[Result "1-0"]
[WhiteElo "2683"]
[BlackElo "2276"]
[PlyCount "73"]
[EventDate "2019.??.??"]

1. g3 Nf6 2. Bg2 g6 3. e4 d6 4. d4 Bg7 5. Ne2 O-O 6. Nbc3 Nbd7 7. O-O Rb8 8. a4
c5 9. h3 b6 10. Be3 Bb7 11. d5 a6 12. Rb1 Ne8 13. Qd2 Nc7 14. Bh6 Bh8 15. Bxf8
Qxf8 16. Nd1 b5 17. a5 b4 18. Ne3 Bc8 19. f4 Nb5 20. Nc4 Qh6 21. g4 Qg7 22. Kh1
Nd4 23. Nxd4 Qxd4 24. Qe2 Qg7 25. Rbe1 Nf8 26. e5 Bd7 27. exd6 exd6 28. Nxd6
Qxb2 29. Qe7 Qf6 30. g5 Qxe7 31. Rxe7 f5 32. Nf7 Bc3 33. Ne5 Bb5 34. d6 Bxf1
35. Bxf1 Bxe5 36. fxe5 Rd8 37. Bxa6 1-0

[Event "BL 1819 SF Deizisau - SG Solingen"]
[Site "?"]
[Date "2019.04.07"]
[Round "15.1"]
[White "Harikrishna, Pentala"]
[Black "Leko, Peter"]
[Result "1/2-1/2"]
[WhiteElo "2723"]
[BlackElo "2675"]
[PlyCount "48"]
[EventDate "2019.??.??"]

1. d4 Nf6 2. c4 e6 3. Nf3 d5 4. Nc3 c5 5. cxd5 Nxd5 6. e4 Nxc3 7. bxc3 cxd4 8.
cxd4 Bb4+ 9. Bd2 Bxd2+ 10. Qxd2 O-O 11. Rc1 b6 12. Bd3 Bb7 13. Qe3 Nd7 14. e5
Bxf3 15. Qxf3 b5 16. O-O a6 17. Rc6 Nb6 18. Rfc1 Ra7 19. Rd6 Qb8 20. h4 Nc8 21.
Rdc6 Ne7 22. Rd6 Nc8 23. Rdc6 Ne7 24. Rd6 Nc8 1/2-1/2

[Event "BL 1819 SF Deizisau - SG Solingen"]
[Site "?"]
[Date "2019.04.07"]
[Round "15.3"]
[White "Van Wely, Loek"]
[Black "Bluebaum, Matthias"]
[Result "1/2-1/2"]
[WhiteElo "2612"]
[BlackElo "2610"]
[PlyCount "54"]
[EventDate "2019.??.??"]

1. c4 c6 2. Nf3 d5 3. d4 Nf6 4. Nc3 dxc4 5. a4 e6 6. e3 c5 7. Bxc4 cxd4 8. exd4
Nc6 9. O-O Be7 10. Bg5 O-O 11. Re1 b6 12. d5 Nxd5 13. Bxd5 exd5 14. Qxd5 Qxd5
15. Nxd5 Bxg5 16. Nxg5 Bb7 17. Rac1 Rfe8 18. f3 Rxe1+ 19. Rxe1 h6 20. Ne7+ Nxe7
21. Rxe7 hxg5 22. Rxb7 Rc8 23. Rxa7 Rc1+ 24. Kf2 Rc2+ 25. Kg3 Rxb2 26. a5 bxa5
27. Rxa5 f6 1/2-1/2

[Event "BL 1819 SF Deizisau - SG Solingen"]
[Site "?"]
[Date "2019.04.07"]
[Round "15.4"]
[White "Meier, Georg"]
[Black "Ganguly, Surya Shekhar"]
[Result "1-0"]
[WhiteElo "2628"]
[BlackElo "2654"]
[PlyCount "135"]
[EventDate "2019.??.??"]

1. e4 e5 2. Nf3 Nc6 3. Bb5 a6 4. Bxc6 dxc6 5. O-O Bg4 6. h3 h5 7. d3 Qf6 8. Be3
Bxf3 9. Qxf3 Qxf3 10. gxf3 Bd6 11. Nd2 Ne7 12. Rfd1 Ng6 13. Kf1 Nf8 14. Nb3 Ne6
15. d4 exd4 16. Nxd4 Nxd4 17. Rxd4 Bc5 18. Rd3 Bxe3 19. fxe3 Rd8 20. Ke2 Ke7
21. f4 c5 22. Rg1 g6 23. e5 Ke6 24. Rgd1 Rxd3 25. Rxd3 a5 26. a4 Rg8 27. h4 b6
28. e4 Rb8 29. Ke3 Rf8 30. Rd5 Re8 31. Kd3 Rf8 32. b3 Ke7 33. Kd2 Ke6 34. Rd3
Re8 35. Ke3 Rf8 36. Ke2 Rb8 37. Rd5 Rf8 38. Kd2 Ke7 39. Rd3 Ke6 40. Kc3 f5 41.
exf6 Rxf6 42. Rf3 Rf8 43. Kd2 Rf7 44. Ke3 Rd7 45. f5+ gxf5 46. Rxf5 Rd1 47.
Rxh5 Re1+ 48. Kd3 Rd1+ 49. Kc4 Rc1 50. Kc3 Re1 51. Kd3 Rd1+ 52. Ke2 Rh1 53. Rh8
Ke5 54. Kd3 Rh3+ 55. Kc4 Kxe4 56. h5 Ke5 57. h6 Kd6 58. Kb5 Rh2 59. h7 Kd7 60.
c4 Rh6 61. Ka6 b5+ 62. Kxb5 Rh5 63. Kxa5 Kc6 64. Ka6 Rh3 65. a5 Rh6 66. Ka7 Rh3
67. Kb8 Rd3 68. Kc8 1-0

[Event "BL 1819 SF Deizisau - SG Solingen"]
[Site "?"]
[Date "2019.04.07"]
[Round "15.5"]
[White "Predojevic, Borki"]
[Black "Keymer, Vincent"]
[Result "1/2-1/2"]
[WhiteElo "2621"]
[BlackElo "2516"]
[PlyCount "75"]
[EventDate "2019.??.??"]

1. c4 e6 2. g3 d5 3. Bg2 d4 4. b4 e5 5. a3 h5 6. h4 a5 7. b5 Nh6 8. d3 Ng4 9.
Nf3 Be7 10. Nbd2 O-O 11. O-O a4 12. Ne4 Bf5 13. Nh2 Nd7 14. Nxg4 Bxg4 15. f3
Bf5 16. f4 Qc8 17. e3 Nc5 18. Nxc5 Bxc5 19. e4 Bg4 20. Bf3 f5 21. exf5 Qxf5 22.
Bxg4 hxg4 23. fxe5 Qxe5 24. Qxg4 Rxf1+ 25. Kxf1 Rf8+ 26. Kg2 c6 27. Bf4 Qe7 28.
bxc6 bxc6 29. h5 Re8 30. h6 Qe2+ 31. Qxe2 Rxe2+ 32. Kf3 Re7 33. hxg7 Kxg7 34.
Bd2 Rf7+ 35. Ke2 Re7+ 36. Kf3 Rf7+ 37. Ke2 Re7+ 38. Kf3 1/2-1/2